| 000 | 00979nam0a22002771 4500 | ||
|---|---|---|---|
| 001 | rc\4770222 | ||
| 005 | 20130417100932.0 | ||
| 021 |
_aRU _b[62-40496] |
||
| 035 | _a(NLR Aleph) 009022710 | ||
| 090 |
_a9438576 _c9438576 |
||
| 100 | _a20130417d1962 |||y0rusy50 ca | ||
| 101 | 0 | _arus | |
| 102 | _aRU | ||
| 105 | _aa z ||||| | ||
| 200 | 1 |
_aМонополии и государство ФРГ _f[Под общ. ред. канд. экон. наук Г.П. Солюса] |
|
| 210 |
_aМосква _cСоцэкгиз _d1962 |
||
| 215 |
_a350 с., 3 л. схем. _d21 |
||
| 320 | _aБиблиогр.: с. 341-348 | ||
| 606 |
_aМонополии в Германской Федеративной Республике _2psbo |
||
| 606 |
_aГерманский империализм _2psbo |
||
| 702 | 1 |
_aСолюс _bГ. П. _gГеоргий Павлович _4340 |
|
| 801 | 0 |
_aRU _bNLR _gpsbo |
|
| 801 | 1 |
_aRU _bELAR _2rusmarc |
|
| 852 |
_aNLR _j62-3/2725 |
||
| 942 | _cBOOK | ||
| 980 | _aNB | ||